LEADER 01030nam a2200241 i 4500 001 000000156081 003 CaOOAMICUS 005 20061128000000.0 008 061128s1966 it u000 u ita u 013 $a133435 040 $aSeMil$bita 245 10$aHans Memlinc /$c[Giorgio T. Faggin]. 260 $aMilano :$bFabbri,$ccopyr. 1966. 300 $a[6] p., 17. p. di tav. :$bill. ;$c36 cm. 490 0 $aI maestri del colore : la più grande collana d'arte del mondo ;$v121 500 $aFormulazione di responsabilità ricavata dal testo. 650 4$aMemlinc, Hans.$0(OLS)http://semarc/subject/30529 700 1 $aFaggin, Giorgio.$0(OLS)http://semarc/name/40871 830 2$aI maestri del colore : la più grande collana d'arte del mondo ;$v121.$0(OLS)http://semarc/title/2091 850 $aSeMil 852 $aSeMil$W1$xVenegono$y1$m5G XII 13/121$j107883$B107883$CSeMilBibl$Z2$F117568 $81 996 $6245$aHans Memlinc$9(OLS)http://semarc/title/228708 996 $6260$aMilano :$bFabbri$9(OLS)http://semarc/publisher/30054 LEADER 01138nam a2200277 i 4500 001 000000244203 003 CaOOAMICUS 005 20150819000000.0 008 150819s1985 fr u000 u fre u 013 $a223108 020 $a2-204-02331-0 040 $aSeMil$bita 100 1 $aPatte, Daniel.$0(OLS)http://semarc/name/56643 245 10$aPaul, sa foi et la puissance de l'évangile /$cDaniel Patte. 260 $aParis :$bLes Éditions du Cerf,$c1985. 300 $a288 p. ;$c22 cm. 490 0 $aInitiations 650 4$aPaolo - Studi.$0(OLS)http://semarc/subject/4742 650 4$aBibbia - NT - Lettere di Paolo.$0(OLS)http://semarc/subject/4860 830 0$aInitiations.$0(OLS)http://semarc/title/19337 850 $aSeMil 852 $aSeMil$W1$xVenegono$y1$m2W II 173$j194549$B194549$CSeMilBibl$Z2$F205858 $81 961 $aOmaggio: Martinelli don Romano 996 $6020$a2-204-02331-0$9(OLS)http://semarc/number/252316 996 $6245$aPaul, sa foi et la puissance de l'évangile$9(OLS)http://semarc/title/346180 996 $6260$aParis :$bLes Éditions du Cerf$9(OLS)http://semarc/publisher/29611